[Event "29ème Open International d'Echecs d'Avoi"]
[Site "Avoine"]
[Date "2014.07.19"]
[Round "6.1"]
[White "Haub, Thorsten Michael"]
[Black "Lagarde, Maxime"]
[Result "0-1"]
[WhiteElo "2429"]
[BlackElo "2521"]
[PlyCount "118"]
[EventDate "2014.??.??"]

1. Nf3 d5 2. g3 g6 3. Bg2 Bg7 4. O-O e5 5. d3 Ne7 6. Nbd2 h6 7. e4 Be6 8. b4 a5
9. b5 d4 10. a4 Nd7 11. Ne1 g5 12. Ba3 h5 13. f4 gxf4 14. gxf4 exf4 15. Rxf4
Ng6 16. Rf5 Nde5 17. Nc4 Nxc4 18. dxc4 h4 19. Nd3 h3 20. Bf3 Nh4 21. Kh1 Bh6
22. Nc5 Bxf5 23. exf5 Qg5 24. Bc1 Qxf5 25. Bxb7 Bxc1 26. Bxa8 Be3 27. Ne4 Ke7
28. Bd5 Rd8 29. Ng3 Qg5 30. Qd3 f5 31. Rf1 Rd6 32. Nxf5+ Nxf5 33. Qxf5 Qxf5 34.
Rxf5 Rg6 35. Rf1 Kd6 36. Be4 Rg7 37. Bf5 Rg2 38. Bxh3 Rxc2 39. Rf6+ Kc5 40.
Rc6+ Kb4 41. Rxc7 Bf4 42. Rf7 Rxh2+ 43. Kg1 Rxh3 44. Rxf4 Kxc4 45. Rf8 Rb3 46.
Rb8 Rb4 47. b6 Kb3 48. b7 Kxa4 49. Rd8 Rxb7 50. Rxd4+ Kb3 51. Rd3+ Kb2 52. Rd2+
Kc3 53. Rd5 a4 54. Rf5 a3 55. Rf3+ Kb2 56. Rf2+ Ka1 57. Rf8 a2 58. Kg2 Kb2 59.
Rf2+ Ka3 0-1

[Event "29ème Open International d'Echecs d'Avoi"]
[Site "Avoine"]
[Date "2014.07.19"]
[Round "6.2"]
[White "Greenfeld, Alon"]
[Black "Kambrath, Yannick"]
[Result "1-0"]
[WhiteElo "2540"]
[BlackElo "2259"]
[PlyCount "81"]
[EventDate "2014.??.??"]

1. d4 Nf6 2. Nf3 g6 3. c4 Bg7 4. g3 O-O 5. Bg2 d6 6. Nc3 Nc6 7. O-O a6 8. Bf4
Rb8 9. Rc1 Bd7 10. Qd2 b5 11. Nd5 e6 12. Nxf6+ Bxf6 13. c5 e5 14. cxd6 exf4 15.
dxc7 Qxc7 16. d5 fxg3 17. hxg3 Rb6 18. dxc6 Rxc6 19. Ng5 Rxc1 20. Rxc1 Qa7 21.
Qd6 Bxg5 22. Rc7 Qb8 23. Qxd7 Qd8 24. Bd5 Qxd7 25. Rxd7 Rd8 26. Bxf7+ Kf8 27.
Ra7 Rd2 28. e3 a5 29. Be6 a4 30. Rb7 Rxb2 31. Ra7 Ke8 32. Rg7 b4 33. Rxg6 Bd8
34. Rg8+ Ke7 35. Bc4 Bb6 36. Ra8 a3 37. Ra6 Bc5 38. g4 Kf8 39. g5 Kg7 40. Rc6
Be7 41. Rc7 1-0

[Event "29ème Open International d'Echecs d'Avoi"]
[Site "Avoine"]
[Date "2014.07.19"]
[Round "6.3"]
[White "Castellanos Rodrigue, Renier"]
[Black "Frick, Christoph"]
[Result "1-0"]
[WhiteElo "2479"]
[BlackElo "2246"]
[PlyCount "53"]
[EventDate "2014.??.??"]

1. e4 c6 2. Nf3 d5 3. Nc3 Bg4 4. h3 Bxf3 5. Qxf3 e6 6. a3 Nd7 7. d3 Bd6 8. g3
Ngf6 9. Bg2 O-O 10. O-O Bc7 11. Qe2 d4 12. Nb1 e5 13. h4 Ne8 14. Nd2 Nd6 15.
Bh3 Qe7 16. Nf3 f6 17. h5 f5 18. exf5 Nxf5 19. Bd2 Rae8 20. Rae1 Qf7 21. Ng5
Qe7 22. Qg4 Nc5 23. Nxh7 Kxh7 24. Qg6+ Kh8 25. Bxf5 Rxf5 26. Qxf5 Rf8 27. Qg4
1-0

[Event "29ème Open International d'Echecs d'Avoi"]
[Site "Avoine"]
[Date "2014.07.19"]
[Round "6.4"]
[White "Bouget, Alexandre"]
[Black "Filip, Lucian"]
[Result "0-1"]
[WhiteElo "2287"]
[BlackElo "2458"]
[PlyCount "70"]
[EventDate "2014.??.??"]

1. d4 Nf6 2. c4 e6 3. Nc3 c5 4. d5 exd5 5. cxd5 d6 6. e4 g6 7. f4 Bg7 8. Bb5+
Nfd7 9. a4 O-O 10. Nf3 Na6 11. O-O Nb4 12. Re1 a6 13. Bf1 Re8 14. h3 f5 15. Ng5
Nf8 16. e5 dxe5 17. d6 e4 18. Be3 h6 19. Bc4+ Ne6 20. Nxe6 Bxe6 21. Nd5 Nxd5
22. Bxd5 Qxd6 23. Bxb7 Qxd1 24. Raxd1 Ra7 25. Bd5 Bxb2 26. Bxc5 Rc7 27. Be3 Kf7
28. Re2 Ba3 29. Bxe6+ Rxe6 30. Rd5 Rd6 31. Rxd6 Bxd6 32. Rb2 Rc6 33. Rb7+ Ke6
34. Rg7 Kd5 35. Rxg6 Bxf4 0-1

[Event "29ème Open International d'Echecs d'Avoi"]
[Site "Avoine"]
[Date "2014.07.19"]
[Round "6.5"]
[White "Colin, Vincent"]
[Black "Vavric, Pavel"]
[Result "1/2-1/2"]
[WhiteElo "2435"]
[BlackElo "2235"]
[PlyCount "67"]
[EventDate "2014.??.??"]

1. c4 g6 2. d4 Bg7 3. e4 d6 4. Nc3 Nc6 5. d5 Nd4 6. Be3 c5 7. Nge2 Qb6 8. Qd2
e5 9. dxe6 fxe6 10. h4 h6 11. O-O-O e5 12. Nd5 Qd8 13. Nec3 Be6 14. Bd3 Nf6 15.
Nb5 Nxb5 16. cxb5 Nxd5 17. exd5 Bf5 18. h5 e4 19. g4 Bxg4 20. Bxe4 Bxd1 21.
Bxg6+ Kd7 22. Rxd1 Qf6 23. Rg1 Raf8 24. Rg4 Qf3 25. Ra4 Bd4 26. Rxd4 cxd4 27.
Qxd4 Rf6 28. Be4 Qe2 29. Bf5+ Rxf5 30. Qg7+ Ke8 31. Qxh8+ Rf8 32. Qxh6 Qc4+ 33.
Kb1 Qd3+ 34. Kc1 1/2-1/2

[Event "29ème Open International d'Echecs d'Avoi"]
[Site "Avoine"]
[Date "2014.07.19"]
[Round "6.6"]
[White "Vedmediuc, Serghei"]
[Black "Purenne, Benoit"]
[Result "1-0"]
[WhiteElo "2430"]
[BlackElo "2225"]
[PlyCount "103"]
[EventDate "2014.??.??"]

1. e4 c5 2. Nf3 g6 3. d4 cxd4 4. Qxd4 Nf6 5. e5 Nc6 6. Qa4 Nd5 7. Qe4 Nb6 8.
Bf4 d5 9. exd6 Bf5 10. Qe3 Nd5 11. Qd2 Nxf4 12. Qxf4 Bg7 13. Nc3 O-O 14. Bd3
Bxc3+ 15. bxc3 Bxd3 16. cxd3 Qxd6 17. Qxd6 exd6 18. Rb1 b6 19. Kd2 Rfe8 20.
Rhe1 Kf8 21. Re3 Rxe3 22. fxe3 Ke7 23. e4 f6 24. d4 Rc8 25. Kd3 Na5 26. Rb4 Nc6
27. Rb5 Na5 28. g4 Rf8 29. h4 Nb7 30. a4 Rc8 31. Nd2 Ke6 32. Nf1 Rc7 33. Ne3
Rf7 34. Nd5 Rg7 35. Rb2 Na5 36. Rf2 Rf7 37. Nf4+ Kd7 38. Nd5 Ke6 39. Nf4+ Kd7
40. h5 gxh5 41. Nxh5 Ke7 42. Rf5 Rf8 43. Nf4 Rf7 44. Rh5 Rg7 45. Nd5+ Kf7 46.
Rh6 Rxg4 47. Rxf6+ Kg7 48. Rxd6 h5 49. e5 h4 50. e6 Rg3+ 51. Ke2 Rg4 52. e7 1-0

[Event "29ème Open International d'Echecs d'Avoi"]
[Site "Avoine"]
[Date "2014.07.19"]
[Round "6.7"]
[White "Inkiov, Ventzislav"]
[Black "Rodriguez Rodriguez, Antonio"]
[Result "1/2-1/2"]
[WhiteElo "2428"]
[BlackElo "2186"]
[PlyCount "87"]
[EventDate "2014.??.??"]

1. d4 d5 2. c4 e5 3. dxe5 d4 4. Nf3 Nc6 5. g3 Nge7 6. Bg2 Ng6 7. Bg5 Qd7 8. Qb3
h6 9. Bc1 Bb4+ 10. Bd2 Be7 11. Qb5 O-O 12. Qd5 Rd8 13. Qxd7 Bxd7 14. b3 Nb4 15.
Bxb4 Bxb4+ 16. Nfd2 Nxe5 17. a3 Bf8 18. Bxb7 Rab8 19. Bg2 a5 20. O-O Be6 21. h3
Nd7 22. f4 Nc5 23. f5 Bc8 24. Ra2 Nxb3 25. Rb2 a4 26. Bc6 Rb6 27. Bxa4 Nxd2 28.
Rxd2 g6 29. g4 Ba6 30. Rc1 gxf5 31. gxf5 h5 32. c5 Rbb8 33. Rdc2 Bh6 34. Rd1 d3
35. exd3 Bxd3 36. Rg2+ Kf8 37. Nc3 Be3+ 38. Kh1 Bxf5 39. Rxd8+ Rxd8 40. Rg3 Rd3
41. Bc2 Rxc3 42. Bxf5 Rxa3 43. c6 Ra1+ 44. Kg2 1/2-1/2

[Event "29ème Open International d'Echecs d'Avoi"]
[Site "Avoine"]
[Date "2014.07.19"]
[Round "6.8"]
[White "Belenkaya, Dina"]
[Black "Song, Julien"]
[Result "1-0"]
[WhiteElo "2223"]
[BlackElo "2417"]
[PlyCount "97"]
[EventDate "2014.??.??"]

1. e4 Nf6 2. e5 Nd5 3. d4 d6 4. Nf3 Nb6 5. Be2 Bf5 6. O-O e6 7. c4 Be7 8. Nc3
dxe5 9. dxe5 Qxd1 10. Rxd1 Nc6 11. Nb5 Rc8 12. Nbd4 Nxd4 13. Nxd4 Be4 14. Be3
O-O 15. a4 a6 16. a5 Na8 17. f3 Bg6 18. Kf2 Rfd8 19. Nb3 Bc2 20. Rxd8+ Rxd8 21.
Nc5 Bxc5 22. Bxc5 f6 23. exf6 gxf6 24. Be7 Rd7 25. Bxf6 Kf7 26. Be5 c5 27. Ke3
Nc7 28. f4 Ne8 29. Rc1 Ba4 30. g4 Nd6 31. Bd3 h6 32. h4 Bc6 33. Rf1 Rd8 34. h5
Kg8 35. Bf6 Rd7 36. b3 Rc7 37. Be5 Rd7 38. Bg6 Nf7 39. Bc3 Nd6 40. Be5 Nf7 41.
Bb2 Nd6 42. Bd3 Rd8 43. Ba3 e5 44. fxe5 Nf7 45. Bb2 Re8 46. Bg6 Re7 47. Rd1 Bd7
48. Rxd7 Rxd7 49. e6 1-0

[Event "29ème Open International d'Echecs d'Avoi"]
[Site "Avoine"]
[Date "2014.07.19"]
[Round "6.9"]
[White "Sgircea, Silvia-Raluca"]
[Black "Petre, Nad-Titus"]
[Result "1/2-1/2"]
[WhiteElo "2207"]
[BlackElo "2371"]
[PlyCount "56"]
[EventDate "2014.??.??"]

1. Nf3 e6 2. c4 c5 3. d4 cxd4 4. Nxd4 Nf6 5. g3 Nc6 6. Bg2 Qb6 7. Nb3 Ne5 8.
Qc2 d6 9. O-O Be7 10. Be3 Qc7 11. Na3 a6 12. Rac1 O-O 13. h3 Bd7 14. Nd4 Rac8
15. Qb1 Qb8 16. b4 Nc6 17. Qb3 Nxd4 18. Bxd4 Bc6 19. Nc2 Bxg2 20. Kxg2 b5 21.
Ne3 Qb7+ 22. Kg1 Ne4 23. Rfd1 bxc4 24. Nxc4 d5 25. Nb6 Rxc1 26. Rxc1 Bd8 27.
Na4 Qb5 28. Rc2 a5 1/2-1/2

[Event "29ème Open International d'Echecs d'Avoi"]
[Site "Avoine"]
[Date "2014.07.19"]
[Round "6.10"]
[White "Bon, Michael"]
[Black "Devallee, Jeremie"]
[Result "1-0"]
[WhiteElo "2353"]
[BlackElo "2169"]
[PlyCount "55"]
[EventDate "2014.??.??"]

1. e4 c5 2. Nf3 g6 3. d4 cxd4 4. Nxd4 Bg7 5. c4 Nc6 6. Nc2 d6 7. Be2 Be6 8. O-O
Qb6 9. Qd2 Na5 10. Ne3 Rc8 11. Na3 Nf6 12. Nd5 Qd8 13. Bd3 Nc6 14. Re1 O-O 15.
Qg5 Ng4 16. h3 h6 17. Qd2 Nge5 18. Bf1 g5 19. f4 gxf4 20. Nxf4 Nd4 21. Kh1 Nxc4
22. Nxc4 Bxc4 23. Nh5 Be5 24. Qxh6 Nc2 25. Bf4 Qa5 26. b4 Nxe1 27. bxa5 Bxa1
28. e5 1-0

[Event "29ème Open International d'Echecs d'Avoi"]
[Site "Avoine"]
[Date "2014.07.19"]
[Round "6.11"]
[White "Doluhanova, Evgeniya"]
[Black "Tomasi, Albert"]
[Result "1-0"]
[WhiteElo "2334"]
[BlackElo "1846"]
[PlyCount "45"]
[EventDate "2014.??.??"]

1. e4 e5 2. Nf3 Nc6 3. Nc3 Nf6 4. d4 exd4 5. Nxd4 Bb4 6. Nxc6 bxc6 7. Bd3 d5 8.
exd5 cxd5 9. O-O O-O 10. h3 c6 11. Qf3 Rb8 12. Bf4 Bd6 13. b3 Rb7 14. Rad1 Re8
15. Na4 c5 16. Bg5 Be6 17. c4 Rd7 18. Bxf6 Qxf6 19. Qxf6 gxf6 20. cxd5 Bxd5 21.
Bb5 Red8 22. Bxd7 Rxd7 23. Rxd5 1-0

[Event "29ème Open International d'Echecs d'Avoi"]
[Site "Avoine"]
[Date "2014.07.19"]
[Round "6.12"]
[White "Ollier, Milan"]
[Black "Perrin, Guillaume"]
[Result "1-0"]
[WhiteElo "2205"]
[BlackElo "2294"]
[PlyCount "81"]
[EventDate "2014.??.??"]

1. e4 d6 2. d4 Nf6 3. Nc3 g6 4. f4 Bg7 5. Nf3 O-O 6. Be3 c6 7. e5 Nd5 8. Nxd5
cxd5 9. Bd3 Nc6 10. c3 Bg4 11. O-O Rb8 12. Qe1 e6 13. Nh4 b5 14. h3 Bf5 15.
Nxf5 exf5 16. a3 Qe7 17. Qf2 Rfe8 18. Rae1 a5 19. g4 dxe5 20. fxe5 fxg4 21.
hxg4 Nd8 22. Qf3 Qd7 23. Re2 Ne6 24. Rh2 Nf8 25. Qh3 Rec8 26. Rhf2 b4 27. axb4
axb4 28. Rxf7 Qe6 29. Qh4 bxc3 30. Re7 cxb2 31. Rxe6 Nxe6 32. Qe7 Re8 33. Qf7+
Kh8 34. Qd7 Nf8 35. Qxd5 Red8 36. Qe4 Rb3 37. Bc2 Ra3 38. Rb1 Ra1 39. Kg2 Rb8
40. e6 Re8 41. d5 1-0

[Event "29ème Open International d'Echecs d'Avoi"]
[Site "Avoine"]
[Date "2014.07.19"]
[Round "6.13"]
[White "Pietrasanta, Jeremy"]
[Black "Delorme, Alban"]
[Result "1/2-1/2"]
[WhiteElo "2179"]
[BlackElo "2292"]
[PlyCount "51"]
[EventDate "2014.??.??"]

1. d4 Nf6 2. c4 e6 3. Nf3 b6 4. g3 Ba6 5. Nbd2 d5 6. Bg2 Bd6 7. O-O O-O 8. Qc2
Bb7 9. c5 bxc5 10. dxc5 Be7 11. b4 a5 12. b5 c6 13. a4 Nbd7 14. Ba3 e5 15. e4
d4 16. Rfc1 Qc7 17. Ne1 Rfc8 18. b6 Qd8 19. Nd3 Qf8 20. Rab1 Rcb8 21. Nf3 Nxe4
22. Ndxe5 Nxe5 23. Nxe5 Nc3 24. Nxc6 Nxb1 25. Qxb1 Rc8 26. Nxd4 1/2-1/2

[Event "29ème Open International d'Echecs d'Avoi"]
[Site "Avoine"]
[Date "2014.07.19"]
[Round "6.14"]
[White "Sochacki, Christophe"]
[Black "Dutreuil, Raphael"]
[Result "1-0"]
[WhiteElo "2449"]
[BlackElo "2118"]
[PlyCount "55"]
[EventDate "2014.??.??"]

1. e4 c5 2. Nc3 e6 3. Nge2 Nc6 4. d4 cxd4 5. Nxd4 Qc7 6. Be2 a6 7. O-O Nf6 8.
Be3 Bb4 9. Na4 O-O 10. c4 Be7 11. c5 Nxe4 12. Rc1 f5 13. g3 Bf6 14. Bf3 Ng5 15.
Bg2 Nf7 16. Nb6 Rb8 17. Qa4 Nxd4 18. Bxd4 Bxd4 19. Qxd4 d6 20. cxd6 Qxd6 21.
Qxd6 Nxd6 22. Rfd1 Nf7 23. Rc7 Re8 24. Rdc1 Nd6 25. f4 h6 26. a4 Kf8 27. Bf3
Re7 28. Bh5 1-0

[Event "29ème Open International d'Echecs d'Avoi"]
[Site "Avoine"]
[Date "2014.07.19"]
[Round "6.15"]
[White "Godart, Francois"]
[Black "Vidal, Llewellyn"]
[Result "1-0"]
[WhiteElo "2399"]
[BlackElo "2102"]
[PlyCount "52"]
[EventDate "2014.??.??"]

1. d4 Nf6 2. c4 e6 3. Nf3 b6 4. a3 Bb7 5. Nc3 Be7 6. d5 O-O 7. e4 Ne8 8. Bd3 c6
9. O-O Na6 10. Bc2 Nac7 11. Qd3 f5 12. exf5 exd5 13. Re1 dxc4 14. Qxc4+ d5 15.
Qe2 Bf6 16. Ne5 Nd6 17. Bf4 Ncb5 18. Nxb5 Nxb5 19. Rad1 Nd6 20. Nxc6 Bxc6 21.
Qe6+ Nf7 22. Qxc6 Rc8 23. Qa4 Bxb2 24. Bb3 d4 25. Be5 Kh8 26. Bxf7 Rxf7 1-0

[Event "29ème Open International d'Echecs d'Avoi"]
[Site "Avoine"]
[Date "2014.07.19"]
[Round "6.16"]
[White "Caille, Vincent"]
[Black "Okhotnik, Vladimir"]
[Result "1/2-1/2"]
[WhiteElo "2113"]
[BlackElo "2396"]
[PlyCount "43"]
[EventDate "2014.??.??"]

1. e4 e5 2. Nf3 Nc6 3. Be2 g6 4. d3 Nge7 5. Nbd2 Bg7 6. c3 O-O 7. O-O d5 8. Qc2
h6 9. b3 Be6 10. Ba3 f5 11. exd5 Bxd5 12. Rfe1 Re8 13. Nc4 g5 14. h3 Ng6 15.
Ne3 Be6 16. d4 e4 17. Nh2 f4 18. Bh5 Bf7 19. Nf5 Qd5 20. Nxg7 Kxg7 21. Bb2 Nge5
22. Bxf7 1/2-1/2

[Event "29ème Open International d'Echecs d'Avoi"]
[Site "Avoine"]
[Date "2014.07.19"]
[Round "6.17"]
[White "Bujisho, Benjamin"]
[Black "Batteux, Mickael"]
[Result "1-0"]
[WhiteElo "2367"]
[BlackElo "2077"]
[PlyCount "75"]
[EventDate "2014.??.??"]

1. d4 Nf6 2. c4 c5 3. d5 b5 4. cxb5 a6 5. bxa6 g6 6. Nc3 Bxa6 7. Nf3 d6 8. e4
Bxf1 9. Kxf1 Bg7 10. g3 O-O 11. Kg2 Nbd7 12. Re1 Qb6 13. e5 dxe5 14. Nxe5 Nxe5
15. Rxe5 Ra7 16. Qe2 Qb7 17. f3 Ne8 18. Re3 Nd6 19. a4 Nf5 20. Re4 Nd4 21. Qd1
Rd8 22. Rb1 Nf5 23. Qc2 Nd4 24. Qd3 f5 25. Re1 Bf6 26. b4 c4 27. Qf1 Nc2 28.
Re2 Nd4 29. Ra2 Kg7 30. Be3 Raa8 31. Bxd4 Bxd4 32. Qxc4 Bf6 33. Qb5 Qc7 34. Ne2
Qe5 35. Nf4 Rdb8 36. Qd3 Kf7 37. b5 Rd8 38. Rd1 1-0

[Event "29ème Open International d'Echecs d'Avoi"]
[Site "Avoine"]
[Date "2014.07.19"]
[Round "6.18"]
[White "Goettelmann, Guillaume"]
[Black "Shirazi, Kamran"]
[Result "0-1"]
[WhiteElo "2119"]
[BlackElo "2363"]
[PlyCount "104"]
[EventDate "2014.??.??"]

1. d4 Nf6 2. Nf3 c5 3. d5 e6 4. c4 b5 5. Bg5 h6 6. Bxf6 Qxf6 7. Nc3 b4 8. Nb5
Na6 9. e4 e5 10. a3 Bd6 11. Bd3 bxa3 12. Rxa3 O-O 13. O-O Re8 14. Ne1 Nc7 15.
Rxa7 Rxa7 16. Nxa7 Ba6 17. Nb5 Bxb5 18. cxb5 Rb8 19. Qa4 Qf4 20. Qa5 c4 21. b6
Ne8 22. g3 Qg4 23. f3 Qg5 24. Bxc4 f5 25. Ng2 fxe4 26. fxe4 Qd8 27. b3 Nf6 28.
Re1 Rxb6 29. Qa2 Bc5+ 30. Kh1 d6 31. Qe2 Rb7 32. Nh4 Kh7 33. Qf3 g6 34. Rf1 Kg7
35. Qe2 Ra7 36. Bb5 Qc8 37. Ba4 Qg4 38. Qxg4 Nxg4 39. Re1 Rf7 40. h3 Ne3 41.
Be8 Rf2 42. Rxe3 Bxe3 43. Bxg6 Bg5 44. Bf5 Bxh4 45. gxh4 Rb2 46. Kg1 Kf6 47.
Kf1 Ke7 48. Ke1 Kd8 49. Kd1 Kc7 50. Kc1 Rxb3 51. Kd2 Kb6 52. Ke2 Kc5 0-1

[Event "29ème Open International d'Echecs d'Avoi"]
[Site "Avoine"]
[Date "2014.07.19"]
[Round "6.19"]
[White "Monpeurt, Cyrielle"]
[Black "Kirk, Ezra"]
[Result "0-1"]
[WhiteElo "2045"]
[BlackElo "2308"]
[PlyCount "82"]
[EventDate "2014.??.??"]

1. e4 c5 2. Nf3 Nc6 3. d4 cxd4 4. Nxd4 g6 5. Nc3 Bg7 6. Be3 Nf6 7. Nxc6 bxc6 8.
e5 Ng8 9. Bd4 Qa5 10. f4 Rb8 11. Qd2 f6 12. Bc4 fxe5 13. fxe5 Bxe5 14. O-O-O
Bxd4 15. Qxd4 Nf6 16. Rde1 Rf8 17. a3 d5 18. Qe5 Rb7 19. Rhf1 Bf5 20. Bb3 Qc7
21. Qe2 Qxh2 22. Ba4 Qc7 23. Na2 a5 24. Qa6 Bd7 25. Qe2 Qd6 26. Qa6 Rb8 27.
Qxa5 Kf7 28. Qc3 Kg8 29. Qe3 Ne4 30. Rh1 Qf6 31. Nc3 Nxc3 32. bxc3 e6 33. Qh3
Rf7 34. Bb3 c5 35. Qg3 Qf4+ 36. Qxf4 Rxf4 37. g4 c4 38. Ba2 Rxg4 39. Ref1 Rg5
40. Rf2 Rf5 41. Rfh2 Rf7 0-1

[Event "29ème Open International d'Echecs d'Avoi"]
[Site "Avoine"]
[Date "2014.07.19"]
[Round "6.20"]
[White "Viers, Emmanuel"]
[Black "Gervasio, Ricardo"]
[Result "1-0"]
[WhiteElo "2001"]
[BlackElo "2281"]
[PlyCount "116"]
[EventDate "2014.??.??"]

1. e4 c5 2. Nc3 a6 3. Bc4 e6 4. a4 Nc6 5. f4 Nge7 6. d3 d5 7. Ba2 dxe4 8. Nxe4
Nf5 9. Nf3 b6 10. O-O Be7 11. Kh1 h5 12. Ne5 Bb7 13. Qe1 Ncd4 14. Qf2 h4 15.
Re1 c4 16. Bxc4 h3 17. c3 Bc5 18. Nxc5 hxg2+ 19. Kg1 bxc5 20. cxd4 Qf6 21. d5
O-O-O 22. Qxc5+ Kb8 23. Nc6+ Bxc6 24. dxc6 Qd4+ 25. Qxd4 Nxd4 26. Kxg2 Kc7 27.
Bd2 Rh5 28. Re5 Rxe5 29. fxe5 Nxc6 30. Bxa6 Kb6 31. Bb5 Nxe5 32. Be3+ Kb7 33.
a5 Rd5 34. a6+ Ka8 35. Bc4 Rd8 36. Ra3 g5 37. Bxg5 Rg8 38. h4 Nxc4 39. dxc4 f6
40. Ra5 e5 41. Kh3 fxg5 42. Rxe5 gxh4 43. b4 Rd8 44. Re4 Ka7 45. b5 Rg8 46.
Rxh4 Ka8 47. b6 Kb8 48. c5 Ka8 49. Rg4 Rf8 50. Kg3 Kb8 51. Rf4 Rh8 52. Kf3 Ka8
53. Ke3 Kb8 54. Kd3 Ka8 55. Kc4 Kb8 56. Kb5 Ka8 57. a7 Kb7 58. c6+ Ka8 1-0

[Event "29ème Open International d'Echecs d'Avoi"]
[Site "Avoine"]
[Date "2014.07.19"]
[Round "6.21"]
[White "Gros, Patrick"]
[Black "Le Huec, Marc"]
[Result "1/2-1/2"]
[WhiteElo "1984"]
[BlackElo "2267"]
[PlyCount "68"]
[EventDate "2014.??.??"]

1. d4 Nf6 2. Nf3 g6 3. Nc3 d5 4. Bf4 Bg7 5. e3 O-O 6. Be2 c5 7. Ne5 cxd4 8.
exd4 Nc6 9. Nxc6 bxc6 10. O-O Nd7 11. Na4 Qa5 12. c3 Ba6 13. Bxa6 Qxa6 14. Re1
Rfe8 15. Qc2 Rac8 16. b4 Qb5 17. Re3 a5 18. Nc5 e5 19. Rae1 Nxc5 20. bxc5 f6
21. h4 Kf7 22. dxe5 fxe5 23. Bxe5 Bxe5 24. Rxe5 Rxe5 25. Rxe5 Qxc5 26. Qe2 Rc7
27. Qf3+ Kg7 28. Re6 Rf7 29. Qg3 Rf5 30. h5 Rxh5 31. Qc7+ Kh6 32. Qf4+ Kg7 33.
Qc7+ Kh6 34. Qf4+ Kg7 1/2-1/2

[Event "29ème Open International d'Echecs d'Avoi"]
[Site "Avoine"]
[Date "2014.07.19"]
[Round "6.22"]
[White "Aubry, Yannis"]
[Black "Auroy, Didier"]
[Result "1-0"]
[WhiteElo "2255"]
[BlackElo "1953"]
[PlyCount "51"]
[EventDate "2014.??.??"]

1. e4 e5 2. Nc3 Nf6 3. f4 d5 4. fxe5 Nxe4 5. Nf3 Bc5 6. Qe2 Bf2+ 7. Kd1 Nxc3+
8. bxc3 Bh4 9. d4 Be7 10. Qf2 c5 11. Qg3 g6 12. h4 c4 13. h5 Bf5 14. Rb1 b6 15.
hxg6 fxg6 16. Ng5 Bxg5 17. Bxg5 Qd7 18. e6 Qxe6 19. Bxc4 dxc4 20. Re1 Be4 21.
Qf4 Qd5 22. Rxe4+ Kd7 23. Re5 Qxg2 24. Re7+ Kc6 25. Qc7+ Kd5 26. Rb5# 1-0

[Event "29ème Open International d'Echecs d'Avoi"]
[Site "Avoine"]
[Date "2014.07.19"]
[Round "6.23"]
[White "Lukasiewicz, Krzysztof"]
[Black "Gerard, Nicolas"]
[Result "1/2-1/2"]
[WhiteElo "1791"]
[BlackElo "2251"]
[PlyCount "101"]
[EventDate "2014.??.??"]

1. e4 d5 2. exd5 Qxd5 3. Nc3 Qd6 4. d4 Nf6 5. Nf3 a6 6. g3 Bg4 7. Bg2 c6 8. O-O
e6 9. Re1 Qd8 10. h3 Bh5 11. Bg5 Be7 12. Qd2 Nbd7 13. Rad1 h6 14. Bf4 Nd5 15.
Nxd5 cxd5 16. g4 Bg6 17. c4 Be4 18. c5 a5 19. Ne5 Bxg2 20. Kxg2 Nxe5 21. Bxe5
O-O 22. Rb1 f6 23. Bg3 e5 24. dxe5 Bxc5 25. Qd3 Kh8 26. exf6 Qxf6 27. Re5 Rad8
28. Rd1 b6 29. Rxd5 Rxd5 30. Qxd5 Qxb2 31. Rd2 Qf6 32. Be5 Qe7 33. f4 Qf7 34.
Qc6 Kg8 35. Kh1 Qc4 36. Qd5+ Qxd5+ 37. Rxd5 Re8 38. Rd7 Re7 39. Rxe7 Bxe7 40.
Kg2 b5 41. Kf3 b4 42. Ke4 a4 43. Kd3 g6 44. Kc4 Kf7 45. f5 b3 46. axb3 axb3 47.
fxg6+ Kxg6 48. Kxb3 h5 49. Bf4 hxg4 50. hxg4 Bg5 51. Be5 1/2-1/2

[Event "29ème Open International d'Echecs d'Avoi"]
[Site "Avoine"]
[Date "2014.07.19"]
[Round "6.24"]
[White "Oney, Fatmanur"]
[Black "Marie, Maxime"]
[Result "0-1"]
[WhiteElo "1758"]
[BlackElo "2211"]
[PlyCount "68"]
[EventDate "2014.??.??"]

1. d4 Nf6 2. Nf3 g6 3. c4 Bg7 4. Nc3 O-O 5. e3 d6 6. Be2 Nbd7 7. O-O e5 8. dxe5
dxe5 9. e4 c6 10. h3 Qe7 11. Qc2 h6 12. Be3 Nh5 13. Qd2 Nf4 14. Bxf4 exf4 15.
Qxf4 g5 16. Qd2 Nc5 17. Rfe1 Nxe4 18. Nxe4 Qxe4 19. Bd3 Qf4 20. Qxf4 gxf4 21.
Rab1 Rd8 22. Bc2 Be6 23. b3 a5 24. a4 b5 25. cxb5 cxb5 26. Red1 Rxd1+ 27. Bxd1
Rc8 28. Be2 b4 29. Bc4 Bxc4 30. bxc4 Bc3 31. Rc1 Kg7 32. Kf1 Rxc4 33. Nd2 Bxd2
34. Rxc4 b3 0-1

[Event "29ème Open International d'Echecs d'Avoi"]
[Site "Avoine"]
[Date "2014.07.19"]
[Round "6.25"]
[White "Francois, Adrien"]
[Black "Eden, James"]
[Result "0-1"]
[WhiteElo "1733"]
[BlackElo "2207"]
[PlyCount "84"]
[EventDate "2014.??.??"]

1. e4 e5 2. Nf3 Nc6 3. d4 exd4 4. Bc4 Nf6 5. e5 d5 6. Bb5 Ne4 7. Nxd4 Bd7 8.
Bxc6 bxc6 9. O-O Bc5 10. f3 Ng5 11. f4 Ne4 12. Be3 Bb6 13. Nd2 Nxd2 14. Qxd2 c5
15. Ne2 d4 16. Bf2 Bc6 17. c4 O-O 18. f5 f6 19. e6 Qe7 20. Qd3 Kh8 21. Nf4 Kg8
22. Qh3 Rfd8 23. Rad1 Be8 24. Nd5 Rxd5 25. cxd5 Rd8 26. Qf3 Qd6 27. b4 Qxd5 28.
Qxd5 Rxd5 29. bxc5 Bxc5 30. Rb1 Bb6 31. Rfd1 c5 32. g4 Kf8 33. Kf1 g6 34. Rd3
gxf5 35. Rf3 Bg6 36. gxf5 Rxf5 37. Rxf5 Bxf5 38. Re1 Ke7 39. Bh4 Bxe6 40. Re2
Kf7 41. Rf2 f5 42. Ke2 c4 0-1

[Event "29ème Open International d'Echecs d'Avoi"]
[Site "Avoine"]
[Date "2014.07.19"]
[Round "6.26"]
[White "Legrand, Claire"]
[Black "Burri, Quentin"]
[Result "0-1"]
[WhiteElo "1632"]
[BlackElo "2135"]
[PlyCount "46"]
[EventDate "2014.??.??"]

1. Nf3 c5 2. e4 d6 3. d4 cxd4 4. Nxd4 Nf6 5. Nc3 a6 6. Be2 Nbd7 7. O-O e6 8.
Be3 b5 9. a3 Bb7 10. f3 Be7 11. Qe1 O-O 12. Bd3 Rc8 13. Nde2 Nc5 14. Rd1 Qc7
15. Qf2 d5 16. exd5 Nxd3 17. Rxd3 Nxd5 18. Nxd5 Bxd5 19. Rc3 Qb8 20. Rd1 Bc4
21. Nf4 Rfd8 22. Rxd8+ Rxd8 23. Bd2 Qxf4 0-1

[Event "29ème Open International d'Echecs d'Avoi"]
[Site "Avoine"]
[Date "2014.07.19"]
[Round "6.27"]
[White "Manea, Alexandru"]
[Black "Dupont, Arthur"]
[Result "1-0"]
[WhiteElo "2373"]
[BlackElo "1945"]
[PlyCount "125"]
[EventDate "2014.??.??"]

1. d4 g6 2. e4 d6 3. Nc3 Bg7 4. f4 Nf6 5. Nf3 O-O 6. e5 dxe5 7. dxe5 Qxd1+ 8.
Kxd1 Rd8+ 9. Ke1 Ne8 10. Be3 Nc6 11. a3 Bf5 12. Rc1 e6 13. h3 h5 14. Rg1 g5 15.
Nxg5 Nd4 16. g4 Nxc2+ 17. Kf2 Nxe3 18. Kxe3 hxg4 19. hxg4 Bg6 20. Bc4 Bh6 21.
Nce4 Bxe4 22. Nxe4 c6 23. g5 Bg7 24. g6 Nc7 25. gxf7+ Kxf7 26. Nd6+ Rxd6 27.
exd6 Nd5+ 28. Bxd5 exd5 29. Rg2 Rd8 30. Rcg1 Bf6 31. Rh1 Ke6 32. f5+ Kxd6 33.
Rh7 b5 34. Rxa7 Ke5 35. Rc7 Rd6 36. Rc2 Kxf5 37. b4 d4+ 38. Kd3 Re6 39. Rc5+
Kg4 40. R7xc6 Re3+ 41. Kd2 Rf3 42. Rxf6 Rxf6 43. Kd3 Rb6 44. Kxd4 Kf4 45. Kd5
Ke3 46. Rc6 Rb8 47. Kc5 Kd3 48. Re6 Ra8 49. Kxb5 Rxa3 50. Rc6 Kd4 51. Kb6 Kd5
52. b5 Rb3 53. Rc1 Kd6 54. Rd1+ Ke6 55. Ka6 Ra3+ 56. Kb7 Rb3 57. b6 Rb4 58. Ka7
Ra4+ 59. Kb8 Rb4 60. b7 Ke7 61. Kc7 Rc4+ 62. Kb6 Rb4+ 63. Kc6 1-0

[Event "29ème Open International d'Echecs d'Avoi"]
[Site "Avoine"]
[Date "2014.07.19"]
[Round "6.28"]
[White "Devaure, Guillaume"]
[Black "Coursaget, Nicolas"]
[Result "0-1"]
[WhiteElo "1943"]
[BlackElo "2274"]
[PlyCount "94"]
[EventDate "2014.??.??"]

1. e4 Nf6 2. e5 Nd5 3. Nc3 Nxc3 4. dxc3 d5 5. Bf4 c5 6. Nf3 Bg4 7. h3 Bf5 8.
Bd3 Bxd3 9. Qxd3 c4 10. Qd2 e6 11. Nd4 Nd7 12. O-O a6 13. Qe2 Be7 14. Qg4 g6
15. Bg3 h5 16. Qe2 h4 17. Bh2 Qc7 18. Qg4 Nc5 19. Bf4 O-O-O 20. b4 Ne4 21. b5
Kd7 22. Qf3 g5 23. Bh2 Rhf8 24. Rad1 Qa5 25. Qxe4 dxe4 26. Nc6+ Kc7 27. Nxa5
axb5 28. Nb3 cxb3 29. cxb3 Rxd1 30. Rxd1 Rd8 31. Rxd8 Bxd8 32. Kf1 Kc6 33. Ke2
Kd5 34. f4 exf3+ 35. Kxf3 Ba5 36. b4 Bd8 37. g3 Kc4 38. gxh4 gxh4 39. Bg1 Kxc3
40. Bc5 Kd3 41. Kf4 f5 42. Bf8 Kc4 43. Bc5 Kd5 44. Bd6 Bb6 45. Kf3 Kd4 46. Be7
Kxe5 47. Bxh4 f4 0-1